El autismo : (Record no. 23649)

000 -CABECERA
fixed length control field 01701nam a22002897i 4500
003 - IDENTIFICADOR DEL NÚMERO DE CONTROL
control field AR-CdUCM
008 - DATOS DE LONGITUD FIJA--INFORMACIÓN GENERAL
fixed length control field 260428b d|||| |||| 00| 0 spa d
020 ## - NÚMERO INTERNACIONAL ESTÁNDAR DEL LIBRO
ISBN 978-84-18139-02-4
040 ## - FUENTE DE LA CATALOGACIÓN
Agencia/entidad que catalogó originalmente la obra MUNICIPALIDAD PROVINCIAL DEL CUSCO
Entidad que transcribió la catalogación BIBLIOTECA MUNICIPAL DEL CUSCO
082 ## - NÚMERO DE LA CLASIFICACIÓN DECIMAL DEWEY
No. de Clasificación 616.898
Notacion interna A45
100 ## - ENTRADA PRINCIPAL--NOMBRE DE PERSONA
Nombre Personal Alonso Peña, José Ramón - Alonso Esquisábel, Irene
245 ## - MENCIÓN DE TÍTULO
Título El autismo :
Resto del título Reflexiones y pautas para comprenderlo y abordarlo /
260 ## - PUBLICACIÓN, DISTRIBUCIÓN, ETC.
Lugar de publicación, distribución, etc. Barcelona, España :
Nombre de la editorial, distribuidor, etc. Shackleton Books
Fecha de publicación, distribución, etc. 2020
300 ## - DESCRIPCIÓN FÍSICA
Nº de Páginas Extensión 205 páginas. :
Dimensiones 14x21 cm.
500 ## - NOTA GENERAL
Bibliografía Bibliografía : páginas del 201 - 203
505 ## - NOTA DE CONTENIDO CON FORMATO
Nota de contenido formateada Introducción al trastorno del espectro autista -- Historia y evolución del concepto de autismo -- Características principales del TEA -- Diagnóstico y detección temprana -- Bases neurológicas del autismo -- Factores genéticos y ambientales -- Desarrollo cognitivo en personas con autismo -- Lenguaje y comunicación en el TEA -- Conductas repetitivas y patrones de comportamiento -- Procesamiento sensorial en el autismo -- Intervención temprana y terapias -- Educación inclusiva y estrategias pedagógicas -- Papel de la familia en el desarrollo -- Autonomía e inclusión social -- Mitos y realidades sobre el autismo -- Perspectivas actuales y futuras investigaciones
650 ## - PUNTO DE ACCESO ADICIONAL DE MATERIA--TÉRMINO DE MATERIA
Descriptor Trastorno del espectro autista
9 (RLIN) 52757
650 ## - PUNTO DE ACCESO ADICIONAL DE MATERIA--TÉRMINO DE MATERIA
Descriptor Autismo - Diagnóstico
9 (RLIN) 52758
650 ## - PUNTO DE ACCESO ADICIONAL DE MATERIA--TÉRMINO DE MATERIA
Descriptor Autismo - Tratamiento
9 (RLIN) 52759
650 ## - PUNTO DE ACCESO ADICIONAL DE MATERIA--TÉRMINO DE MATERIA
Descriptor Niños autistas - Educación
9 (RLIN) 52760
650 ## - PUNTO DE ACCESO ADICIONAL DE MATERIA--TÉRMINO DE MATERIA
Descriptor Desarrollo infantil
9 (RLIN) 25147
650 ## - PUNTO DE ACCESO ADICIONAL DE MATERIA--TÉRMINO DE MATERIA
Descriptor Psicología del desarrollo
9 (RLIN) 52761
856 ## - LOCALIZACIÓN Y ACCESO ELECTRÓNICOS
Dirección electrónica shackletonbooks.com
942 ## - ELEMENTOS DE PUNTO DE ACCESO ADICIONAL (KOHA)
Fuente de clasificación
Tipo de item Libros-BMC
945 ## - PROCESAMIENTO DE INFORMACIÓN LOCAL (OCLC)
Catalogador esh
AAAA-MM-DD - Fecha de ingreso o modificacion 28-04-2026
Holdings
Estado de retiro (separado) Fuente de clasificación o esquema de estanterías Estado dañado Ubicación Sala donde se ubica Nombre de la colección Fecha de adquisición o compra Fuente de adquisición Costo, precio normal en soles Signatura topográfica Código de Barras Última vez visto (Koha) Tipo de ítem (Koha)
No     Sala Ciencias Sala Ciencias Book Cart 2026-04-28 Donación 70.00 616.898 / A45 SC0000002482 2026-04-28 Libros-BMC

Powered by Koha